ARRUPE JESUIT UNIVERSITY

CORONAVIRUS -STOP THE SPREAD - CLEAN,DISINFECT,COVER

Problems in the Philosophy of Science / (Record no. 123390)

MARC details
000 -LEADER
fixed length control field 01040cam a22003253u 4500
001 - CONTROL NUMBER
control field 11515075
003 - CONTROL NUMBER IDENTIFIER
control field ARRUPE
005 - DATE AND TIME OF LATEST TRANSACTION
control field 20150914115804.0
006 - FIXED-LENGTH DATA ELEMENTS--ADDITIONAL MATERIAL CHARACTERISTICS--GENERAL INFORMATION
fixed length control field m d
007 - PHYSICAL DESCRIPTION FIXED FIELD--GENERAL INFORMATION
fixed length control field cr n
008 - FIXED-LENGTH DATA ELEMENTS--GENERAL INFORMATION
fixed length control field 150715s1968 ||||||||s|||||||| ||||| d
020 ## - INTERNATIONAL STANDARD BOOK NUMBER
International Standard Book Number 9780444534132
020 ## - INTERNATIONAL STANDARD BOOK NUMBER
International Standard Book Number 044453413X
035 ## - SYSTEM CONTROL NUMBER
System control number (WaSeSS)ssib010494398
040 ## - CATALOGING SOURCE
Original cataloging agency WaSeSS
Transcribing agency WaSeSS
Modifying agency WaSeSS
Description conventions rda
050 ## - LIBRARY OF CONGRESS CALL NUMBER
Classification number Q175.
Item number I518 1965
300 ## - PHYSICAL DESCRIPTION
Dimensions 23cm.
100 1# - MAIN ENTRY--PERSONAL NAME
Personal name Lakatos, Imre.
9 (RLIN) 15098
210 10 - ABBREVIATED TITLE
Abbreviated title Problems in the Philosophy of Science /
245 10 - TITLE STATEMENT
Title Problems in the Philosophy of Science /
Statement of responsibility, etc Lakatos, Imre.
260 ## - PUBLICATION, DISTRIBUTION, ETC. (IMPRINT)
Place of publication, distribution, etc Amsterdam
Name of publisher, distributor, etc North-Holland
Date of publication, distribution, etc 1968
300 ## - PHYSICAL DESCRIPTION
Extent ix, 448p.;
500 ## - GENERAL NOTE
General note Title from content provider.
506 ## - RESTRICTIONS ON ACCESS NOTE
Terms governing access License restrictions may limit access.
650 ## - SUBJECT ADDED ENTRY--TOPICAL TERM
Topical term or geographic name as entry element Science
Source of heading or term Philosophy
Form subdivision Congresses
9 (RLIN) 19789
700 1# - ADDED ENTRY--PERSONAL NAME
Personal name Lakatos, Imre.
9 (RLIN) 15098
700 1# - ADDED ENTRY--PERSONAL NAME
Personal name Musgrave, Alan.
9 (RLIN) 19790
773 #0 - HOST ITEM ENTRY
Title eBook - Mathematics (Legacy 1) [EBCML1]
910 ## - USER-OPTION DATA (OCLC)
User-option data Serials Solutions supplemental brief record
942 ## - ADDED ENTRY ELEMENTS (KOHA)
Source of classification or shelving scheme Library of Congress Classification
Koha item type Monograph ( Printed materials)
Holdings
Withdrawn status Lost status Source of classification or shelving scheme Damaged status Not for loan Collection code Home library Current library Shelving location Date acquired Total Checkouts Full call number Barcode Date last seen Date checked out Price effective from Koha item type
    Library of Congress Classification     Main Collection ARRUPE LIBRARY ARRUPE LIBRARY Main Collection 10/09/2015 1 Q175.I518 1965 46500004238 03/07/2019 21/09/2017 10/09/2015 Monograph ( Printed materials)

 

Arrupe Library. PO Box MP320 Mt Pleasant, Harare, Zimbabwe
263 242 745411|librarian@aju.ac.zw